Využitie generatívneho navrhovania pri optimalizácii predstavca na bicykel
Enregistré dans:
| Auteur principal: | |
|---|---|
| Autres auteurs: | |
| Format: | Manuscrit Livre |
| Langue: | slovaque |
| Publié: |
2025
|
| Sujets: | |
| Accès en ligne: | http://is.stuba.sk/zp/portal_zp.pl?podrobnosti=183962 |
| Tags: |
Pas de tags, Soyez le premier à ajouter un tag!
|
MARC
| LEADER | 00000ntm a22000003a 4500 | ||
|---|---|---|---|
| 001 | stuzp105410 | ||
| 003 | SK-STU | ||
| 005 | 20250614213828.5 | ||
| 007 | ta | ||
| 008 | 150427s2015----xo-----f-mn---000-0-slo-d | ||
| 040 | |a STU |b slo | ||
| 041 | 0 | |a slo | |
| 100 | 1 | |a Beduš, Roman |u 063000 |4 aut |U MTF Materiálovotechnologická fakulta |T MTF Ústav výrobných technológií |X 111793 |U M3000 |Y 83 |7 111793 | |
| 242 | 0 | 1 | |a Using Generative Design to Build the Stem of the Bike |y eng |
| 245 | 1 | 0 | |a Využitie generatívneho navrhovania pri optimalizácii predstavca na bicykel |
| 260 | |c 2025 | ||
| 650 | 4 | |a bicycle stem |2 eng | |
| 650 | 4 | |a PowerMill |2 eng | |
| 650 | 4 | |a Fusion |2 eng | |
| 650 | 4 | |a CAD/CAM |2 eng | |
| 650 | 4 | |a additive manufacturing |2 eng | |
| 650 | 4 | |a predstavec |2 slo | |
| 650 | 4 | |a PowerMill |2 slo | |
| 650 | 4 | |a Fusion |2 slo | |
| 650 | 4 | |a CAD/CAM |2 slo | |
| 650 | 4 | |a aditívna výroba |2 slo | |
| 700 | 1 | |a Buranský, Ivan |u 063000 |k Z1 |4 ths |U MTF Materiálovotechnologická fakulta |T MTF Ústav výrobných technológií |X 4587 |U M3000 |Y 83 |7 A000004587 | |
| 856 | 4 | |u http://is.stuba.sk/zp/portal_zp.pl?podrobnosti=183962 | |
| 996 | |c M* DP-15485 |l MMSKP |s P |a 0 |w stuzp105410_0001 | ||